MARC details
| 000 -BAŞLIK |
| Sabit Uzunlukta Kontrol Alanı |
01511na a2200373 4500 |
| 001 - KONTROL NUMARASI |
| Denetim Alanı |
19183 |
| 003 - KONTROL NUMARASI IDENTIFIER |
| Denetim Alanı |
MIRAKIL |
| 005 - SON İŞLEM TARİHİ VE ZAMANI |
| Denetim Alanı |
20181213155058.0 |
| 008 - SABİT-BOY VERİ ELEMANLARI - GENEL BİLGİLER |
| Sabit Uzunlukta Kontrol Alanı |
161209b tu 000 0 |
| 040 ## - KATALOGLAMA KAYNAK |
| Orijinal Kataloglama Ajansı |
Milas |
| Kataloglama Dili |
tur |
| Metne Dönüştürmek Ajansı |
TR-AnCHP |
| 041 ## - DİL KODU |
| Metin / Ses Parça Veya Ayrı Başlığın Dil Kodu |
tur |
| 082 ## - DEWEY ONLU SINIFLANDIRMA NUMARASI |
| Sınıflandırma Numarası |
CHP 324.2172092 |
| Ürün Numarası |
B29s 2000 |
| 090 ## - SINIFLAMA NUMARASI |
| Sınıflama Numarası |
BROŞÜR 9 |
| 100 ## - ANA GİRİŞ - KİŞİSEL İSİM |
| Kişisel Ad |
Baykal, Deniz |
| 222 ## - ANAHTAR ADI |
| Anahtar Başlık |
CHP Genel Başkanı Deniz Baykal'ın konuşmaları |
| 245 ## - BAŞLIK TABLOSU |
| Başlık |
SN. Deniz Baykal'ın Cumhuriyet Halk Partisi 11. olağanüstü kurultayında yaptığı konuşma |
| Başlığın Kalan |
(30 Eylül 2000, Ankara) |
| Sorumluluk Tablosu, Vb |
Deniz Baykal |
| 246 ## - UNVAN FORM VARYING |
| Başlık Doğru / Kısa Başlığı |
Deniz Baykal'ın 11. olağanüstü kurultay konuşması |
| 246 ## - UNVAN FORM VARYING |
| Başlık Doğru / Kısa Başlığı |
Deniz Baykal'ın CHP 11. olağanüstü kurultayında yaptığı konuşma |
| 260 ## - YAYIN, DAĞITIM, VB |
| Yayın, Dağıtım, Vb Yeri |
[Ankara] |
| Yayıncı, Dağıtıcı, Vs Adı |
[CHP] |
| Yayın, Dağıtım, Vb Tarihi |
2000 |
| 300 ## - FİZİKSEL TANIM |
| Kapsam |
89 s. |
| Boyutlar |
17 sm. |
| 490 ## - SERİSİ TABLOSU |
| Seri Beyanı |
Cumhuriyet Halk Partisi yayınları |
| 500 ## - GENEL NOT |
| Genel Not |
10 kopya. |
| 600 ## - KONU KATMA GİRİŞ - KURUMSAL ADI |
| Kişisel Ad |
Baykal, Deniz |
| Başlıklar Ve Bir Adla İlişkili Diğer Kelimeler |
CHP Genel Başkanı |
| Genel Alt Bölümü |
Konuşmalar, 2000 |
| Kronolojik Alt Bölümü |
Olağanüstü kurultaylar, 2000 |
| 610 ## - KONU KATMA GİRİŞ - TOPLANTI ADI |
| Giriş Elemanı Olarak Kurumsal Ad Veya Yargı Alanı Adı |
CHP |
| Genel Alt Bölüm |
Söylev ve demeçler |
| Kronolojik Alt Bölüm |
Olağanüstü kurultaylar, 2000 |
| 650 ## - KONU KATMA GİRİŞ - TOPİKAL DÖNEM |
| Topikal Süreli Veya Coğrafi Ad Giriş Elemanı |
CHP Genel başkanları |
| Genel Alt Bölümü |
Konuşmalar, 2000 |
| Kronolojik Alt Bölümü |
Olağanüstü kurultaylar, 2000 |
| 710 ## - KATMA GİRİŞ - KURUMSAL ADI |
| Giriş Elemanı Olarak Kurumsal Ad Veya Yargı Alanı Adı |
CHP |
| 711 ## - KATMA GİRİŞ - TOPLANTI ADI |
| Giriş Elemanı Olarak Toplantı Adı Veya Yargı Alanı Adı |
CHP Olağanüstü Kurultayı |
| Toplantının Yeri |
Ankara |
| Toplantı Veya Antlaşma İmzalandığı Tarihi |
30 Eylül 2000 |
| Bölüm / Bölüm / Toplantı Sayısı |
11. |
| 740 ## - KATMA GİRİŞ - KONTROLSUZ İLGİLİ / ANALİTİK BAŞLIK |
| Kontrol Edilmeyen / İlgili Analitik Başlıktaki |
Deniz Baykal'ın 11. olağanüstü kurultay konuşması |
| 740 ## - KATMA GİRİŞ - KONTROLSUZ İLGİLİ / ANALİTİK BAŞLIK |
| Kontrol Edilmeyen / İlgili Analitik Başlıktaki |
Deniz Baykal'ın CHP 11. olağanüstü kurultayında yaptığı konuşma |
| 830 ## - SERİSİ EKLENDİ GİRİŞ - ÜNİFORM ADI |
| Üniforma Başlık |
CHP yayınları |
| 942 ## - EKLENDİ GİRİŞ ELEMANLARI (KOHA) |
| Sınıflandırma Veya Raf Düzeni Kaynak |
|
| Koha Öğesi Türü |
Books |
| 999 ## - SİSTEM KONTROL NUMARALARI (KOHA) |
| Koha Biblionumber |
6165 |
| Koha Biblioitemnumber |
6165 |
| 657 ## - INDEX SÜRE - İŞLEVİ |
| -- |
Deniz Baykalın konuşmaları |